00515cam a22001454a 4500020001500000082001900015100002200034245009400056260006300150300002700213440000300240504006600243650002200309650003800331 a075463693300a307.14120917241 aAkroyd, H. David.10aAgriculture and rural development planning :ba process in transition /cH. David Akroyd. aAldershot, Hampshire ;aBurlington, VT :bAshgate,cc2003. axiii, 224 p. ;c23 cm. 0 aIncludes bibliographical references (p. [218]-219) and index. 0aRural development 0aAgricultural development projects